00824nam a2200253Ia 450000500170000000800390001702000150005604100080007110000240007924500610010325000240016426400470018830000410023533600270027633700330030333800280033649000200036465000410038465000350042565000310046070000320049104000350052308400120055820220316235405.0121119s1992 ck a gr 000 m spa a95861559270 aspa1 aNino, Hugo, d1947-10aRodapalabracHugo Niño ; ilustración, Ricardo Chauta aSexta reimpresión 1aBogotábEducar Cultural Recreativac1992 a103 páginasbilustracionesc21 cm. atextobtxt2rdacontent asin mediaciónbn2rdamedia avolumenbnc2rdacarrier0 aEl duende verde142LEMBvCuentos infantiles colombianos142LEMBaLunavCuentos infantiles142LEMBaLeyendas colombianas1 aChauta, Ricardoeilustrador aCO-BoRNBPbspaerdacCO-BoRNBP aLM NIn2